| 000 | 00722cam a2200241 a 4500 | ||
|---|---|---|---|
| 001 | 000007743 | ||
| 005 | 20200929154301.0 | ||
| 008 | 020211s1957 sp a 001 f spa | ||
| 035 | _a(SpBaP)pu020002780 | ||
| 040 |
_aDO-SdBNP _bspa _cDLC _dBNPHU |
||
| 082 |
_a863.64 _bC392c, 1957 |
||
| 100 | 1 |
_aCela, Camilo José, _d1916-2002. _93188 |
|
| 245 | 1 | 3 |
_aLa colmena : _bcaminos inciertos / _cCamilo José Cela. |
| 250 | _a3a ed. | ||
| 260 |
_aBarcelona : _bNoguer, _c1957. |
||
| 300 |
_a394 p. : _bil. ; _c20 cm. |
||
| 490 | 1 | _aEspejo y Pluma | |
| 650 | 4 |
_aNovela española _91123 |
|
| 650 | 4 |
_aLiteratura española _ySIGLO XX _93326 |
|
| 830 | 0 |
_aEspejo y Pluma _921433 |
|
| 910 | _aCatalogación derivada | ||
| 049 | _aBNGR | ||
| 999 |
_c7521 _d7521 |
||